Statistics for Large US Cities with Big Snowfalls

Click here to take the quiz!

General Stats

  • This quiz has been taken 151 times
  • The average score is 8 of 12

Answer Stats

# of dayscity% Correct
1.6New York
92%
2.7Boston
91%
1.6Detroit
85%
1.9Minneapolis
84%
4.0Buffalo
83%
2.6Cleveland
78%
2.1Denver
75%
2.1Milwaukee
74%
2.0Salt Lake City
56%
3.7Rochester
49%
2.2Hartford
38%
1.7Providence
38%

Score Distribution

Percentile by Number Answered

Percent of People with Each Score

Your Score History

You have not taken this quiz